00287pab a2200121 454500008004000000100001900040245002900059260000900088300001300097362001000110650001100120773003400131180718b2009 xxu||||| |||| 00| 0 eng d aThapar, Romila aAshoka - a retrospective c2009 ap.31-37. a7 Nov aAshoka aEconomic and Political Weekly